[Event "Muensterland Verbandsklasse 1920"]
[Site "Germany"]
[Date "2019.12.07"]
[Round "4.8"]
[White "Lindemann, Heinrich"]
[Black "Richter, Michael"]
[Result "1/2-1/2"]
[WhiteElo "1682"]
[BlackElo "1620"]
[PlyCount "125"]
[EventDate "2019.09.14"]
[EventType "team-tourn"]
[EventRounds "7"]
[EventCountry "GER"]
[SourceTitle "EXT 2023"]
[Source "ChessBase"]
[SourceDate "2022.10.05"]
[SourceVersion "1"]
[SourceVersionDate "2022.10.05"]
[SourceQuality "1"]
[WhiteTeam "Duelmen II"]
[BlackTeam "Reckenfeld"]
[WhiteTeamCountry "GER"]
[BlackTeamCountry "GER"]

1. e4 c5 2. Nf3 d6 3. d4 cxd4 4. Nxd4 Nf6 5. Nc3 a6 6. Bg5 Nbd7 7. Be2 g6 8. Qd2 Bg7 9. Bh6 0-0 10. Bxg7 Kxg7 11. g4 Nc5 12. f3 e5 13. Nb3 Qc7 14. h4 h5 15. Nd5 Nxd5 16. exd5 hxg4 17. Nxc5 Qxc5 18. fxg4 Rh8 19. 0-0-0 Bd7 20. h5 f6 21. hxg6 Kxg6 22. Bd3+ Kg7 23. Bf5 Bb5 24. g5 Qd4 25. gxf6+ Kxf6 26. Bd3 Bxd3 27. cxd3 Qxd5 28. Rdf1+ Ke6 29. Qf2 Qc5+ 30. Qxc5 dxc5 31. Kc2 Rxh1 32. Rxh1 b5 33. Rh6+ Kd5 34. Kc3 a5 35. Rh7 b4+ 36. Kd2 a4 37. Rd7+ Ke6 38. Rc7 Kd6 39. Rb7 a3 40. b3 Rd8 41. Rg7 Kd5 42. Ke3 Rh8 43. Rg2 Rh3+ 44. Kd2 Rf3 45. Re2 Rf1 46. Ke3 Rb1 47. Kd2 Rb2+ 48. Ke3 Ke6 49. Rf2 Kd5 50. Re2 Rxe2+ 51. Kxe2 Kd4 52. Kd2 e4 53. dxe4 Kxe4 54. Kc2 Ke3 55. Kc1 Kd3 56. Kb1 Kc3 57. Ka1 c4 58. bxc4 Kxc4 59. Kb1 Kc3 60. Ka1 b3 61. axb3 Kxb3 62. Kb1 a2+ 63. Ka1 1/2-1/2

[Event "Muensterland Verbandsklasse-B 0304"]
[Site "Germany"]
[Date "2004.04.17"]
[Round "9.8"]
[White "Lindemann, Heinrich"]
[Black "Molkenthin, Ruediger"]
[Result "1-0"]
[WhiteElo "1784"]
[BlackElo "1201"]
[PlyCount "51"]
[EventDate "2003.09.20"]
[EventType "team-tourn"]
[EventRounds "9"]
[EventCountry "GER"]
[SourceTitle "EXT 2005"]
[Source "ChessBase"]
[SourceDate "2004.11.15"]
[SourceVersion "1"]
[SourceVersionDate "2004.11.15"]
[SourceQuality "1"]
[WhiteTeam "Duelmen"]
[BlackTeam "Luedinghausen"]
[WhiteTeamCountry "GER"]
[BlackTeamCountry "GER"]

1. e4 e5 2. f4 f6 3. fxe5 fxe5 4. Qh5+ g6 5. Qxe5+ Qe7 6. Qxh8 Nf6 7. d3 d5 8. Bg5 Nbd7 9. Nc3 dxe4 10. Nd5 Qg7 11. Nxf6+ Nxf6 12. Bxf6 Qxh8 13. Bxh8 Bh6 14. dxe4 Be6 15. Nf3 0-0-0 16. Bc3 Be3 17. Bd3 c5 18. b3 a6 19. Ke2 Bf4 20. Rad1 Re8 21. g3 Bb8 22. Ng5 Bf5 23. Kf3 Bd7 24. Nxh7 Rh8 25. Bxh8 b5 26. a4 1-0